书目信息 |
| 题名: |
陶瓷色釉料与装饰导论
|
|
| 作者: | 俞康泰 编著 | |
| 分册: | ||
| 出版信息: | 武汉 武汉工业大学出版社 2001.6 |
|
| 页数: | 314页 | |
| 开本: | 20cm | |
| 丛书名: | ||
| 单 册: | ||
| 中图分类: | TQ174.4 | |
| 科图分类: | ||
| 主题词: | 陶瓷工业 | |
| 电子资源: | ||
| ISBN: | 7-5629-1393-5 | |
| 000 | 00567nam0 2200193 45 | |
| 001 | 0232994368 | |
| 005 | 2002121209095436 | |
| 010 | @a7-5629-1393-5@dRMB 22.00 | |
| 100 | @a20021212d2001 km y0chiy0120 ea | |
| 101 | 0 | @achi |
| 102 | @aCN@b420000 | |
| 200 | 1 | @a陶瓷色釉料与装饰导论@Atao ci se you liao yu zhuang shi dao lun@f俞康泰编著@Fyu kang tai bian zhu |
| 210 | @a武汉@c武汉工业大学出版社@d2001.6 | |
| 215 | @a314页@d20cm | |
| 606 | 0 | @a陶瓷工业 |
| 690 | @aTQ174.4@v3 | |
| 701 | 0 | @a俞康泰@Ayu kang tai@4编著 |
| 801 | 0 | @aCN@bPFT@c20021212 |
| 905 | @dTQ174.4@eY790 | |
| 陶瓷色釉料与装饰导论/俞康泰编著.-武汉:武汉工业大学出版社,2001.6 |
| 314页;20cm |
| ISBN 7-5629-1393-5:RMB 22.00 |
| ● |
| 相关链接 |
|
|
|
正题名:陶瓷色釉料与装饰导论
索取号:TQ174.4/Y790
 
预约/预借
| 序号 | 登录号 | 条形码 | 馆藏地/架位号 | 状态 | 备注 |
| 1 | 362286 | 203622865 | 自科库501/501自科库 139排9列3层/ [索取号:TQ174.4/Y790] | 在馆 |